Statistics for 2024 NFL Draft Round 1

Click here to take the quiz!

General Stats

  • This quiz has been taken 28 times
  • The average score is 24 of 32

Answer Stats

Hint16Answer% Correct
12Denver BroncosBo Nix
100%
1Chicago BearsCaleb Williams
100%
3New England PatriotsDrake Maye
100%
6New York GiantsMalik Nabers
100%
4Arizona CardinalsMarvin Harrison Jr
100%
8Atlanta FalconsMichael Penix Jr
100%
2Washington CommandersJayden Daniels
96%
10Minnesota VikingsJJ McCarthy
96%
5Los Angeles ChargersJoe Alt
96%
9Chicago BearsRome Odunze
96%
13Las Vegas RaidersBrock Bowers
92%
28Kansas City ChiefsXavier Worthy
92%
17Minnesota VikingsDallas Turner
83%
18Cincinnati BengalsAmarius Mims
75%
11New York JetsOlu Fashanu
75%
22Philadelphia EaglesQuinyon Mitchell
75%
24Detroit LionsTerrion Arnold
75%
7Tennessee TitansJC Latham
71%
23Jacksonville JaguarsBrian Thomas Jr
67%
16Seattle SeahawksByron Murphy
67%
15Indianapolis ColtsLaiatu Latu
67%
32Carolina PanthersXavier Legette
67%
31San Francisco 49ersRicky Pearsall
63%
19Los Angeles RamsJared Verse
58%
25Green Bay PackersJordan Morgan
58%
30Baltimore RavensNate Wiggins
58%
14New Orleans SaintsTaliese Fuaga
58%
21Miami DolphinsChop Robinson
54%
27Arizona CardinalsDarius Robinson
54%
29Dallas CowboysTyler Guyton
54%
26Tampa Bay BuccaneersGraham Barton
50%
20Pittsburgh SteelersTroy Fautanu
50%

Score Distribution

Percentile by Number Answered

Percent of People with Each Score

Your Score History

You have not taken this quiz